Small City Apartments

Uložené v:
Podrobná bibliografia
Médium: Kniha
Jazyk:English
German
French
Dutch
Vydavateľské údaje: Barcelona : LOFT Publications, 2008
Predmet:
Tagy: Pridať tag
Žiadne tagy, Buďte prvý, kto otaguje tento záznam!

MARC

LEADER 00000nam a22000003a 4500
001 stu242790
005 20220929133432.8
008 120202s2008------------------------eng-d
020 |a 978-84-96936-90-4 
040 |a STU  |b slo 
041 0 |a ger  |a eng  |a fre  |a dut 
245 |a Small City Apartments 
260 |a Barcelona :  |b LOFT Publications,  |c 2008 
300 |a 199 s 
650 7 |a budovy obytné  |2 stusub 
650 7 |a domy rodinné  |2 stusub 
650 7 |a malé byty  |2 stusub 
650 7 |a container architecture  |2 estusub 
996 |b 284AU05094  |c A*7824 U  |l AAKNAR  |s A  |a 24  |w stu242790_0001 
996 |b 284V032454  |c V*51609/O-23065  |l VVT  |s A  |a 24  |w stu242790_0002 
996 |b 284AU09397  |c A* 12721/U  |l AAKNST  |s P  |a 0  |w stu242790_0003